Statistics for Food in the Lyrics

Click here to take the quiz!

General Stats

  • This quiz has been taken 725 times
  • The average score is 9 of 15

Answer Stats

LyricsFood% Correct
So bye-bye, Miss American ___ / Drove my Chevy to the levee but the levee was dryPie
96%
Sugar, ah, honey, honey / You are my _____ girl / And you got me wanting youCandy
73%
My _________ brings all the boys to the yard / And they're like / It's better than yoursMilkshake
72%
Red, red ____ / Stay close to me / Don't let me be alone / It's tearin' apart / My blue, blue heartWine
72%
When the moon hits your eye like a big _____ pie / That's amorePizza
71%
Brown _____ how come you taste so good, now? / Brown _____ just like a young girl should, nowSugar
71%
Let me take you down, cause I'm going to __________ fields / Nothing is real and nothing to get hung about / __________ fields foreverStrawberry
67%
Oh, do you know the ______ man, the ______ man, the ______ man / Oh, do you know the ______ man, that lives on Drury Lane?Muffin
67%
Wasted away again in Margaritaville / Searchin' for my lost shaker of ____Salt
63%
Well in fact / Well I'll look at it this way / I mean technically our marriage is saved / Well this calls for a toast / So, pour the _________Champagne
61%
No, no, no, no / (Big black horse and a ______ tree) I can't quite get there 'cause my heart's forsaken meCherry
53%
Come, mister tally man, tally me ______ / Daylight come and me wan' go home / Come, mister tally man, tally me ______ / Daylight come and me wan' go homeBanana
51%
If you like ____ _______ and getting caught in the rain / If you're not into yoga, if you have half a brainPiña Coladas
50%
Put your name on it / Come and put your name on it / Ba-ba-baby / He want that ____, ____, ____, ____, ____, ____, ____, ____, ____, ____, ____, ____, ____, ____, ____Cake
27%
Movin' to the country / Gonna eat me a lot of _______ / Movin' to the country / Gonna eat me a lot of _______Peaches
20%

Score Distribution

Percentile by Number Answered

Percent of People with Each Score

Your Score History

You have not taken this quiz